Agricultural valuations (Record no. 109231)
[ view plain ]
| 000 -LEADER | |
|---|---|
| fixed length control field | 02520cam a22003015a 4500 |
| 001 - CONTROL NUMBER | |
| control field | L146586 |
| 008 - FIXED-LENGTH DATA ELEMENTS--GENERAL INFORMATION | |
| fixed length control field | 090205s2008 xxka f 000 0 eng d |
| 020 ## - INTERNATIONAL STANDARD BOOK NUMBER | |
| International Standard Book Number | 9780728205512 |
| 020 ## - INTERNATIONAL STANDARD BOOK NUMBER | |
| International Standard Book Number | 9780080937878 |
| 035 ## - SYSTEM CONTROL NUMBER | |
| System control number | (Sirsi) u146586 |
| 041 0# - LANGUAGE CODE | |
| Language code of text/sound track or separate title | eng |
| 050 04 - LIBRARY OF CONGRESS CALL NUMBER | |
| Classification number | 333.33520941 $2 18 |
| 100 1# - MAIN ENTRY--PERSONAL NAME | |
| Personal name | Williams, R.G. |
| 245 00 - TITLE STATEMENT | |
| Title | Agricultural valuations |
| Remainder of title | a practical guide |
| 250 ## - EDITION STATEMENT | |
| Edition statement | 4th ed. |
| 260 ## - PUBLICATION, DISTRIBUTION, ETC. | |
| Place of publication, distribution, etc. | London |
| Name of publisher, distributor, etc. | EG |
| Date of publication, distribution, etc. | 2008 |
| 300 ## - PHYSICAL DESCRIPTION | |
| Extent | eBook |
| 505 2# - FORMATTED CONTENTS NOTE | |
| Formatted contents note | History -- Definitions -- Produce -- Growing crops -- Tenant's pastures -- Unexhausted value of feeding stuffs, manure and lime -- Sod fertility claims -- Tenant's improvements -- Tenant's fixtures -- Offgoing crops (or going away crops) -- Dilapidations -- Pipelines, capital, easement payment and claims -- Electricity line wayleaves and claims -- Notices to remedy breaches of tenancy agreement -- Probate valuations -- Stock taking or income tax valuation -- Valuation to freehold farms -- Inventories (records) -- Compulsory purchase claims -- Farm rents -- Valuation clauses on sales of farms -- Records of condition -- Livestock -- Arbitration and independent expert determination -- Milk quotas -- Soil climate and productive capacity -- Managing land notified as a SSSI -- Agricultural Tenancies Act 1995 -- Valuations in court proceedings -- Glossary of general information -- Advice to young practitioners |
| 520 ## - SUMMARY, ETC. | |
| Summary, etc. | This eBook provides a concise, practical guide to best practice in agricultural valuations with expert commentary. Updates changes to tenant right valuations, improvements, fixtures, milk quotas and dilapidations which have occurred since 1998. Using example claims and valuations, explains pipeline and electricity line wayleave claims, notices to remedy breaches, together with probate, income tax and compulsory purchase valuations. Further chapters deal with the guiding principles of how to correctly value farms, assess farm rents, carry out arbitrations, inventories and records of condition as well as valuation clauses on sales of farms, management agreements and valuation in court proceedings. Includes straightforward advice and commentary on relevant legal cases. |
| 520 ## - SUMMARY, ETC. | |
| Summary, etc. | Supersedes 3rd edition (ISBN 0728203111). |
| 521 20 - TARGET AUDIENCE NOTE | |
| Target audience note | Expert |
| 590 ## - LOCAL NOTE (RLIN) | |
| Local note | KA |
| 650 24 - SUBJECT ADDED ENTRY--TOPICAL TERM | |
| Topical term or geographic name entry element | EBOOK |
| 651 #4 - SUBJECT ADDED ENTRY--GEOGRAPHIC NAME | |
| Geographic name | England and Wales |
| Chronological subdivision | 1543- |
| 690 ## - LOCAL SUBJECT ADDED ENTRY--TOPICAL TERM (OCLC, RLIN) | |
| Topical term or geographic name as entry element | PROPERTY-PROPERTY APPRAISAL AND VALUATION |
| 856 40 - ELECTRONIC LOCATION AND ACCESS | |
| Uniform Resource Identifier | <a href="https://www.vlebooks.com/">https://www.vlebooks.com/</a> |
| Public note | View on VLEbooks. Logins for members only from [email protected] |
| 942 ## - ADDED ENTRY ELEMENTS (KOHA) | |
| Suppress in OPAC | 0 |
| Withdrawn status | Lost status | Damaged status | Not for loan | Home library | Current library | Shelving location | Date acquired | Total Checkouts | Full call number | Barcode | Date last seen | Date last checked out | Copy number | Price effective from | Koha item type | Source of classification or shelving scheme |
|---|---|---|---|---|---|---|---|---|---|---|---|---|---|---|---|---|
| Missing from bundle | London | London | Books | 05/02/2009 | 2 | 333.33520941 WIL | 30076351 | 06/08/2019 | 14/04/2009 | 3 | 06/08/2019 | Book | ||||
| Virtual | Virtual | Online | 11/01/2010 | EBOOK | 146586-3001 | 06/08/2019 | 1 | 06/08/2019 | Book | Dewey Decimal Classification |